Space shuttle angaraka : (Record no. 40230)
[ view plain ]
| 000 -LEADER | |
|---|---|
| fixed length control field | 00697nam a22002057a 4500 |
| 005 - DATE AND TIME OF LATEST TRANSACTION | |
| control field | 20100809104027.0 |
| 010 ## - LCCN (DPL NO) | |
| LC control number | ENG-99046 |
| 020 ## - INTERNATIONAL STANDARD BOOK NUMBER | |
| Terms of availability | 70.00 |
| 035 ## - SYSTEM CONTROL NUMBER | |
| System control number | EN-82578 |
| 037 ## - SOURCE OF ACQUISITION | |
| Source of stock number/acquisition | DBAD/PUB |
| 082 ## - DEWEY DECIMAL CLASSIFICATION NUMBER | |
| Classification number | S |
| 100 ## - MAIN ENTRY--PERSONAL NAME | |
| Personal name | Neelambari |
| 245 ## - TITLE STATEMENT | |
| Title | Space shuttle angaraka : |
| Remainder of title | and other stories / |
| Statement of responsibility, etc | by Neelambari; translated by Sahana |
| 260 ## - PUBLICATION, DISTRIBUTION, ETC. (IMPRINT) | |
| Place of publication, distribution, etc | Bangalore |
| Name of publisher, distributor, etc | Inchara Prakashana |
| Date of publication, distribution, etc | 2009 |
| 270 ## - ADDRESS | |
| Address | No. 167, 10th Main, 3rd Phase, Peenya Industrial Area |
| City | Bangalore |
| Postal code | 560058 |
| 300 ## - PHYSICAL DESCRIPTION | |
| Extent | 128p.: |
| Other physical details | ill. |
| Dimensions | 18cm (pbk) |
| 700 ## - ADDED ENTRY--PERSONAL NAME | |
| Personal name | Sahana |
| 9 (RLIN) | 8985 |
| 942 ## - ADDED ENTRY ELEMENTS (KOHA) | |
| Source of classification or shelving scheme | Dewey Decimal Classification |
| Item type | English Books |
| Classification part | S |
| Call number suffix | NEE |
| Withdrawn status | Lost status | Not for loan | Collection code | Home library | Current library | Date acquired | Source of acquisition | Cost, normal purchase price | Full call number | Barcode | Copy number | Cost, replacement price | Koha item type |
|---|---|---|---|---|---|---|---|---|---|---|---|---|---|
| Not For Loan | Fiction | D.B.Act.Division | D.B.Act.Division | 09/08/2010 | DBAD/PUB | 70.00 | S NEE | EN-82578 | 1 | 70.00 | English Books |
